| 000 | 00406cam a22001217a 4500 | ||
|---|---|---|---|
| 008 | 180718b2002 xxu||||| |||| 00| 0 eng d | ||
| 020 | _a0821350382 | ||
| 082 | _aT19x47 In8 | ||
| 245 | _aTransition the first ten years: analysis and lessons for Eastern Europe and the former Soviet Union | ||
| 260 |
_aWashington, D.C. _bWorld Bank _c2002 |
||
| 300 | _a128p. | ||
| 650 | _aEconomic development - Eastern Europe | ||
| 999 |
_c288342 _d288342 |
||